| 000 | 00383cam a22001097a 4500 | ||
|---|---|---|---|
| 008 | 180718b1966 xxu||||| |||| 00| 0 eng d | ||
| 082 | _aK8501mx5442 P79 | ||
| 245 |
_aPension regulations and gratuity regulations _cby Poona Municipal Corporation, Maharashtra |
||
| 260 |
_aPoona _bMunicipal Corporation Press _c1966 |
||
| 300 | _a51+p. | ||
| 700 | _aMaharashtra. Poona municipal corporation | ||
| 999 |
_c500180 _d500180 |
||